000 00267nam a2200109Ia 4500
008 200302s9999 xx 000 0 und d
100 _aB. Sudhakara Reddy
245 _aUrban Energy Systems
260 _bConcept Publishing Co. Ltd.
260 _c1998
300 _a246 P.,
999 _c5551
_d5551